<?xml version="1.0" encoding="UTF-8"?>
<collection xmlns="http://www.loc.gov/MARC21/slim">
 <record>
  <leader>     na                 </leader>
  <controlfield tag="001">INLIS000000000847427</controlfield>
  <controlfield tag="005">20190517082735</controlfield>
  <datafield tag="035" ind1=" " ind2=" ">
   <subfield code="a">0010-0519000762</subfield>
  </datafield>
  <controlfield tag="007">ta</controlfield>
  <controlfield tag="008">190517 2018    yoia   g            ind d</controlfield>
  <datafield tag="020" ind1=" " ind2=" ">
   <subfield code="a">978-602-1546-89-5</subfield>
  </datafield>
  <datafield tag="040" ind1=" " ind2=" ">
   <subfield code="a">YOPDYOG</subfield>
   <subfield code="b">ind</subfield>
   <subfield code="e">rda</subfield>
  </datafield>
  <datafield tag="082" ind1="0" ind2="4">
   <subfield code="2">23</subfield>
   <subfield code="a">539.7</subfield>
  </datafield>
  <datafield tag="084" ind1=" " ind2=" ">
   <subfield code="a">539.7 YOH p</subfield>
  </datafield>
  <datafield tag="090" ind1=" " ind2=" ">
   <subfield code="a">DEP 539.7 YOH p</subfield>
  </datafield>
  <datafield tag="090" ind1=" " ind2=" ">
   <subfield code="a">CB-D.11 2018-2338</subfield>
  </datafield>
  <datafield tag="100" ind1="0" ind2=" ">
   <subfield code="a">Yohannes Sardjono</subfield>
   <subfield code="e">penyusun</subfield>
  </datafield>
  <datafield tag="245" ind1="1" ind2="0">
   <subfield code="a">Pengantar penggunaan program shield-hit (heavy ion therapy) 12A :</subfield>
   <subfield code="b">dasar-dasar penggunaan program SHIELD-HIT12A dalam penentuan dosis carbon gadolinium neutron capture therapy /</subfield>
   <subfield code="c">penyusun, Yohannes Sardjono, Boni Pahlanop, Bagus Novrianto Fasni, Hamidatul Faqqiyyah, Widarto, Puradwi Ismu Wahyono, Gede Sutresna Wijaya, Isman Mulyadi Triatmoko, Agus Puji Prasetyono; editor, Hanna Arini Parhusip, Suryasatriya Trihandaru</subfield>
  </datafield>
  <datafield tag="250" ind1=" " ind2=" ">
   <subfield code="a">Cetakan Pertama, November 2018</subfield>
  </datafield>
  <datafield tag="300" ind1=" " ind2=" ">
   <subfield code="a">[xii], 124 halaman :</subfield>
   <subfield code="b">ilustrasi, tabel ;</subfield>
   <subfield code="c">23 cm</subfield>
  </datafield>
  <datafield tag="500" ind1=" " ind2=" ">
   <subfield code="a">Diterbitkan bekerja sama dengan Pusat Sains dan Teknologi Akselerator Badan Tenaga Nuklir Nasional</subfield>
  </datafield>
  <datafield tag="650" ind1=" " ind2="4">
   <subfield code="a">Fisika nuklir</subfield>
  </datafield>
  <datafield tag="700" ind1="0" ind2=" ">
   <subfield code="a">Boni Pahlanop</subfield>
   <subfield code="e">penyusun</subfield>
  </datafield>
  <datafield tag="700" ind1="0" ind2=" ">
   <subfield code="a">Bagus Novrianto Fasni</subfield>
   <subfield code="e">penyusun</subfield>
  </datafield>
  <datafield tag="700" ind1="0" ind2=" ">
   <subfield code="a">Hamidatul Faqqiyyah</subfield>
   <subfield code="e">penyusun</subfield>
  </datafield>
  <datafield tag="700" ind1="0" ind2=" ">
   <subfield code="a">Widarto</subfield>
   <subfield code="e">penyusun</subfield>
  </datafield>
  <datafield tag="700" ind1="0" ind2=" ">
   <subfield code="a">Puradwi Ismu Wahyono</subfield>
   <subfield code="e">penyusun</subfield>
  </datafield>
  <datafield tag="700" ind1="0" ind2=" ">
   <subfield code="a">Gede Sutresna Wijaya</subfield>
   <subfield code="e">penyusun</subfield>
  </datafield>
  <datafield tag="700" ind1="0" ind2=" ">
   <subfield code="a">Isman Mulyadi Triatmoko</subfield>
   <subfield code="e">penyusun</subfield>
  </datafield>
  <datafield tag="700" ind1="0" ind2=" ">
   <subfield code="a">Agus Puji Prasetyono</subfield>
   <subfield code="e">penyusun</subfield>
  </datafield>
  <datafield tag="700" ind1="0" ind2=" ">
   <subfield code="a">Hanna Arini Parhusip</subfield>
   <subfield code="e">editor</subfield>
  </datafield>
  <datafield tag="700" ind1="0" ind2=" ">
   <subfield code="a">Suryasatriya Trihandaru</subfield>
   <subfield code="e">editor</subfield>
  </datafield>
  <datafield tag="850" ind1=" " ind2=" ">
   <subfield code="a">YOPDYOG</subfield>
  </datafield>
  <datafield tag="041" ind1="0" ind2=" ">
   <subfield code="a">ind</subfield>
  </datafield>
  <datafield tag="504" ind1=" " ind2=" ">
   <subfield code="a">Bibliografi: halaman 65-68</subfield>
  </datafield>
  <datafield tag="264" ind1="3" ind2="1">
   <subfield code="a">Yogyakarta :</subfield>
   <subfield code="b">Lintang Pustaka Utama,</subfield>
   <subfield code="c">2018</subfield>
  </datafield>
  <datafield tag="336" ind1=" " ind2=" ">
   <subfield code="2">rdacontent</subfield>
   <subfield code="a">teks</subfield>
  </datafield>
  <datafield tag="337" ind1=" " ind2=" ">
   <subfield code="2">rdamedia</subfield>
   <subfield code="a">tanpa perantara</subfield>
  </datafield>
  <datafield tag="338" ind1=" " ind2=" ">
   <subfield code="2">rdacarrier</subfield>
   <subfield code="a">volume</subfield>
  </datafield>
  <datafield tag="990" ind1=" " ind2=" ">
   <subfield code="a">CB-D.11/2018-2338</subfield>
  </datafield>
 </record>
</collection>
